000 00933nas a2200301 4500
001 BR2012001292
003 BR-BrBNA
005 20231205120220.0
007 ta
008 230509b bl.|||p| |||| 00| 00por d
040 _aBR-BrBNA
_bpor
_cBiblioteca Nacional de Agricultura
041 _a(Pt)
072 _aF04; F62
100 1 _aWilladino, L.
100 1 _aGomes, E.W.F.
100 1 _aSilva, E.F. de F. e
100 1 _aMartins, L.S.S.
100 1 _aCamara, T.R.
245 1 _aEfeito do estresse salino em genótipos tetraplóides de bananeira
650 _aMUSA SP
650 _aCRESCIMENTO
650 _aPOTÁSSIO
650 _aSÓDIO
773 0 _tRevista Brasileira de Engenharia Agrícola e Ambiental (Brazil)
_xISSN 1807-1929
_g(Jan 2011), v.15(1) p. 53-59
_wBR2012001292
856 4 0 _uhttp://www.scielo.br/pdf/rbeaa/v15n1/a08v15n01.pdf
909 _a202311
_bLúcia
_c55
_dLúcia Elande
942 _2AGRIS
_n0
_cANA
999 _c217479
_d217479